16 Villes d'Europe en K et en images - Statistiques

Statistiques générales
  • Ce quiz a été pris 33 fois
  • Le résultat moyen est 4 sur 16
Statistiques - réponses
Par images Hint Réponse % Correct
Ukraine Kiev
97%
Lituanie Kaunas
55%
Allemagne Kiel
52%
Pologne Katowice
41%
Allemagne Karlsruhe
38%
Russie Krasnodar
21%
Irlande Kilkenny
14%
Norvège Kristiansund
14%
Suède Kiruna
7%
Islande Kópavogur
7%
Royaume-Uni Kingston upon Hull
3%
Autriche Kitzbühel
3%
Danemark Kolding
3%
Grèce Kallithéa
0%
Suisse Kriens
0%
Finlande Kuopio
0%
Aucun quiz correspondant
Distribution des résultats
% des personnes avec chaque résultat
Percentile par nombre de réponses
Votre historique - résultats
Vous n’avez pas pris ce quiz